Biblioteca y Centro de Documentación

El gran engaño (Registro nro. 53492)

Detalles MARC
000 -CABECERA
Longitud fija campo de control 03781nam a2200505 c 4500
001 - NÚMERO DE CONTROL
Número de control 53492
003 - IDENTIFICADOR DE NÚMERO DE CONTROL
Identificador del número de control ES-MaCES
005 - FECHA Y HORA DE LA ÚLTIMA TRANSACCIÓN
Fecha y hora de la última transacción 20250102142027.0
008 - CAMPO FIJO DE DESCRIPCIÓN FIJA--INFORMACIÓN GENERAL
Códigos de información de longitud fija   241220s2024 sp |||| 000 ||spa
017 ## - NÚMERO DE REGISTRO DE DERECHOS DE AUTOR Y DEPÓSITO LEGAL
Número de copyright o de depósito legal B 17797-2023
Agencia que asigna el número DL
020 ## - ISBN (INTERNATIONAL STANDARD BOOK NUMBER)
Número Internacional Normalizado para Libros (ISBN) 9788430626403
040 ## - FUENTE DE CATALOGACIÓN
Centro catalogador de origen ES-MaCES
Lengua de catalogación spa
Centro transcriptor ES-MaCES
041 1# - CÓDIGO DE IDIOMA
Código de lengua original spa
Código de lengua del texto;banda sonora o título independiente eng
100 1# - ENCABEZAMIENTO PRINCIPAL--NOMBRE PERSONAL
9 (RLIN) 37960
Nombre de persona Mazzucato, Mariana
245 13 - MENCIÓN DE TÍTULO
Título El gran engaño
Resto del título : cómo la industria de la consultoría debilita las empresas, infantiliza a los gobiernos y pervierte la economía
Mención de responsabilidad, etc. Mariana Mazzucato y Rosie Collington ; tr. de Marta Valdivieso Rodríguez
250 ## - MENCIÓN DE EDICIÓN
Mención de edición 1ª ed
260 ## - PUBLICACIÓN, DISTRIBUCIÓN, ETC (PIE DE IMPRENTA)
Lugar de publicación, distribución, etc. Barcelona
Nombre del editor, distribuidor, etc. Taurus
Fecha de publicación, distribución, etc. 2024
300 ## - DESCRIPCIÓN FÍSICA
Extensión 390 p.
Dimensiones 24 cm
490 1# - MENCIÓN DE SERIE
Mención de serie Economía
500 ## - NOTA GENERAL
Nota general Traducción de: The Big Con, how the consulting industry weakens our businesses, infantilizes our governments and warps our economies
500 ## - NOTA GENERAL
Nota general Índices
504 ## - NOTA DE BIBLIOGRAFÍA, ETC.
Nota de bibliografía, etc. Bibliografía: p. 281-310
520 3# - RESUMEN, ETC.
Sumario, etc, Mariana Mazzucato y Rosie Collington muestran que la dependencia de nuestras economías de empresas como McKinsey, Boston Consulting Group, Bain & Company, PwC, Deloitte, KPMG y EY obstaculiza la innovación, confunde la responsabilidad corporativa y política e impide nuestra misión colectiva de detener el colapso climático.<br/>El gran engaño describe el truco de confianza que realiza la industria de la consultoría en contratos con gobiernos vacíos y reacios al riesgo y empresas que maximizan el valor para los accionistas. Creció a partir de las décadas de 1980 y 1990 a raíz de las reformas tanto de la derecha neoliberal como de los progresistas de la Tercera Vía, y se nutre de los males del capitalismo moderno, desde la financiarización y la privatización hasta la crisis climática. Es posible gracias al poder único que ejercen las grandes consultorías a través de amplios contratos y redes -como asesores, legitimadores y subcontratistas- y la ilusión de que son fuentes objetivas de experiencia y capacidad. Para empeorar las cosas, nuestros mejores y más brillantes graduados a menudo son desviados del servicio público hacia la consultoría. En todos estos sentidos, la Gran Con debilita nuestras empresas, infantiliza a nuestros gobiernos y deforma nuestras economías.<br/>Mazzucato y Collington desacreditan de manera experta el mito de que las consultorías siempre agregan valor a la economía. Con una gran cantidad de investigaciones originales, defienden brillantemente la inversión y la inteligencia colectiva dentro de todas las organizaciones y comunidades, y a favor de un nuevo sistema en el que los sectores público y privado trabajen de manera innovadora para el bien común. Debemos recalibrar el papel de los consultores y reconstruir economías y gobiernos que sean aptos para su propósito.<br/><br/>
541 ## - NOTA DE LA FUENTE INMEDIANTE DE ADQUISICIÓN
Forma de adquisición Compra
650 #4 - ASIENTO SECUNDARIO DE MATERIA--TÉRMINO DE MATERIA
9 (RLIN) 29652
Término de materia o nombre geográfico como elemento inicial servicios consultivos en materia de gestión
650 #4 - ASIENTO SECUNDARIO DE MATERIA--TÉRMINO DE MATERIA
9 (RLIN) 28189
Término de materia o nombre geográfico como elemento inicial consultor de empresas
650 #4 - ASIENTO SECUNDARIO DE MATERIA--TÉRMINO DE MATERIA
9 (RLIN) 27211
Término de materia o nombre geográfico como elemento inicial política gubernamental
650 #4 - ASIENTO SECUNDARIO DE MATERIA--TÉRMINO DE MATERIA
9 (RLIN) 27025
Término de materia o nombre geográfico como elemento inicial política económica
650 #4 - ASIENTO SECUNDARIO DE MATERIA--TÉRMINO DE MATERIA
9 (RLIN) 30732
Término de materia o nombre geográfico como elemento inicial evaluación del impacto
650 #4 - ASIENTO SECUNDARIO DE MATERIA--TÉRMINO DE MATERIA
9 (RLIN) 29788
Término de materia o nombre geográfico como elemento inicial privatización
650 #4 - ASIENTO SECUNDARIO DE MATERIA--TÉRMINO DE MATERIA
9 (RLIN) 28153
Término de materia o nombre geográfico como elemento inicial rentabilidad de la inversión
650 #4 - ASIENTO SECUNDARIO DE MATERIA--TÉRMINO DE MATERIA
9 (RLIN) 31033
Término de materia o nombre geográfico como elemento inicial capital-riesgo
650 #4 - ASIENTO SECUNDARIO DE MATERIA--TÉRMINO DE MATERIA
9 (RLIN) 27082
Término de materia o nombre geográfico como elemento inicial consecuencias económicas
650 #4 - ASIENTO SECUNDARIO DE MATERIA--TÉRMINO DE MATERIA
9 (RLIN) 27288
Término de materia o nombre geográfico como elemento inicial consecuencias sociales
650 #4 - ASIENTO SECUNDARIO DE MATERIA--TÉRMINO DE MATERIA
9 (RLIN) 27244
Término de materia o nombre geográfico como elemento inicial problema político
650 #4 - ASIENTO SECUNDARIO DE MATERIA--TÉRMINO DE MATERIA
9 (RLIN) 28846
Término de materia o nombre geográfico como elemento inicial estudio de casos
650 #4 - ASIENTO SECUNDARIO DE MATERIA--TÉRMINO DE MATERIA
9 (RLIN) 27070
Término de materia o nombre geográfico como elemento inicial análisis económico
653 10 - TÉRMINO DE INDEXACIÓN--NO CONTROLADO
Término no controlado Condiciones económicas
700 1# - ENCABEZAMIENTO SECUNDARIO--NOMBRE PERSONAL
9 (RLIN) 41258
Nombre de persona Collington, Rosie
700 1# - ENCABEZAMIENTO SECUNDARIO--NOMBRE PERSONAL
9 (RLIN) 39700
Nombre de persona Valdivieso Rodríguez, Marta
Término indicativo de función tr.
740 42 - ENCABEZAMIENTO SECUNDARIO--TÍTULO ANALÍTICO/RELACIONADO NO CONTROLADO
Título relacionado o analítico no controlado The Big Con, how the consulting industry weakens our businesses, infantilizes our governments and warps our economies
830 ## - ENCABEZAMIENTO SECUNDARIO DE COLECCIÓN--TÍTULO UNIFORME
Título uniforme Economia (Taurus Ediciones)
9 (RLIN) 39415
902 ## - CES. TIPO DE DOCUMENTO
Tipodoc (006$c Sirtex) LIB Libro
942 ## - ELEMENTOS KOHA
Fuente de clasificaión o esquema Clasificación propia del CES
Koha [por defecto] tipo de item Monografías
Parte de clasificación Economía
Existencias
Número de registro Signatura completa Tipo de item de Koha
095966 SG-0.0.-851 Monografías
© CES, Consejo Económico y Social de España 2021